000 00344 a2200157 4500
001 68428
020 _a9788579017896
040 _cAnchieta - Pituba
100 _aGuimarães, José Osvaldo de Souza
240 1 0 _aFísica 1ª série
_l
245 1 0 _aFísica 1ª série
300 _a232
362 0 _a2023
650 4 _aFísica
942 _cBK
999 _c68428
_d68428